Open Data Biblioteca Nacional de Portugal


República Portuguesa: Ministério da Cultura
Biblioteca Nacional de Portugal

Catálogo da BNP: acesso por Identificadores Unívocos
Registos Bibliográficos associados ao registo de autoridade

Etiqueta de registo: 00826cam 02200241 04500
001 385309
003 http://id.bnportugal.gov.pt/bib/catbnp/385309
005 19981230000000.0
095 ## $aPTBN00412079
100 ## $a19901103d1944 m y0pory0103 ba
101 0# $apor
102 ## $aPT
200 1# $aDuas epístolas$fJoäo da Rocha$gdes. de Agostinho Salgado, Celso Hermínio e Rafael Bordalo Pinheiro$gcom notícia bibliográfica por Alberto Meira
210 #9 $aPorto$cImprensa Moderna,$d1944
215 ## $a14, [1] p.$d25 cm
700 #1 $aRocha,$bJoão da,$f1868-1921$392099
702 #1 $aSalgado,$bAgostinho,$f1905-1967$4440$3156786
702 #1 $aHermínio,$bCelso,$f1871-1904$4440$357260
702 #1 $aPinheiro,$bRaphael Bordallo,$f1846-1905$4440$310929
702 #1 $aMeira,$bAlberto,$f1884-?$4212$390390
801 #0 $aPT$bBN$gRPC
966 ## $lBN$mFGMON$sB.A. 8569 V.$x1
966 ## $lBN$mFGMON$sB.A. 8567 V.
998 ## $aCI330-174

Etiqueta de registo: 00254nam 2200025 450
001 2281088
003 http://id.bnportugal.gov.pt/bib/catbnp/2281088
010 ## $a978-989-9245-10-5
021 ## $aPT$b557241/25
100 ## $a20260317d2025 m y0pory01030103ba
101 0# $apor
102 ## $aPT
105 ## $aa b 000yy
106 ## $ar
200 1# $aAgostinho Salgado - onde a luz demora$epintura, ofício e memória$fcoord. Clarisse Castro, Tânia Teixeira, Cláudia Almeida$gfot. Filipe Braga, António Venda Lopes
210 #9 $a[S.l.]$cMuseu Quinta de Santiago,$d2025
215 ## $a69, [3] p.$cil.$d24 cm
675 ## $a75Salgado, Agostinho(083.82)$vBN$zpor$31991958
675 ## $a75(=1:469)"19"(083.82)$vBN$zpor$31247875
675 ## $a74/75Salgado, Agostinho(042)$vBN$zpor$31991960
702 #1 $aSalgado,$bAgostinho,$f1905-1967$4040$3156786
702 #1 $aCastro,$bClarisse$4340$31290129
702 #1 $93$aTeixeira,$bTânia$4340$31669502
702 #1 $95$aAlmeida,$fCláudia$4340$31870440
702 #1 $aBraga,$bFilipe$4600$3984696
702 #1 $aLopes,$bAntónio Venda$4600$31380059
801 #0 $aPT$bBN$gRPC
856 41 $uhttp://rnod.bnportugal.gov.pt/ImagesBN/winlibimg.aspx?skey=&doc=2281088&img=220457&save=true
900 ## $aBIBNAC$d20260330
966 ## $lBN$mFGMON$sB.A. 53360 V.$x1
966 ## $lBN$mFGMON$sB.A. 53360 V.-D$x1
971 ## $cabrito$d20260317
972 ## $e0$z0$d20260330$vasantos
973 ## $ctrodrigues$d20260317

OpendataBNP@bnportugal.pt | Mais informação sobre acesso aos dados BNP